| 000 | 00939nmm a2200325 a 4500 | ||
|---|---|---|---|
| 003 | AR-BaBNM | ||
| 005 | 20251128205726.0 | ||
| 008 | 068019s1991 ||||||||||||||000 | spa|| | ||
| 020 | _a950-556-284-5 | ||
| 040 | _cAR-BaBNM | ||
| 100 | 1 | _aFelcman, Isidoro | |
| 245 | 1 | 0 |
_aReforma del Estado _bpropiedad pública, gestión privada y descentralización de servicios |
| 260 |
_aBuenos Aires _bGalerna _c1991 |
||
| 300 | 0 |
_a189 p. _btablas, gráfs. |
|
| 500 | 0 | _aApéndice p. 133-186 | |
| 504 | _aBibliografía para consultar p. 187-189 | ||
| 650 | 4 | _aREFORMA DEL ESTADO | |
| 650 | 4 | _aREFORMA ADMINISTRATIVA | |
| 650 | 4 | _aREFORMA POLITICA | |
| 650 | 4 | _aDESARROLLO | |
| 650 | 4 | _aMODERNIZACION | |
| 650 | 4 | _aREFORMA | |
| 650 | 4 | _aSEGURIDAD DEL ESTADO | |
| 650 | 4 | _aADMINISTRACION PUBLICA | |
| 650 | 4 | _aRESPONSABILIDAD DEL ESTADO | |
| 650 | 4 | _aREGLAMENTACIONES | |
| 651 | 4 | _aArgentina | |
| 942 | _cBK | ||
| 998 | _cMariana | ||
| 999 |
_c12569 _d12569 |
||